Brať si príklad zo sveta nie je jednoduché stavebné sporenie sa medzi krajinami líši skutočne vo všetkom

História a systém stavebného sporenia. Finančný trh a prístupy krajín k stavebnému sporeniu. Existencia stavebného sporenia a legislatíva upravujúca pôsobenie stavebných sporiteľní na trhu. Odlišnosti kapitálového trhu u nás a vo svete.

Gespeichert in:
Bibliographische Detailangaben
1. Verfasser: Škriniar, Pavel, 1979-
Format: Buchkapitel
Sprache:Slowakisch
Schlagworte:
Tags: Tag hinzufügen
Keine Tags, Fügen Sie das erste Tag hinzu!

MARC

LEADER 00000naa a2200000 4500
001 0123222
005 20240502072406.8
041 0 |a slo 
044 |a SK 
245 1 0 |a Brať si príklad zo sveta nie je jednoduché  |b stavebné sporenie sa medzi krajinami líši skutočne vo všetkom  |c Pavel Škriniar 
520 |a História a systém stavebného sporenia. Finančný trh a prístupy krajín k stavebnému sporeniu. Existencia stavebného sporenia a legislatíva upravujúca pôsobenie stavebných sporiteľní na trhu. Odlišnosti kapitálového trhu u nás a vo svete. 
610 2 0 |a história 
610 2 0 |a sporiteľne stavebné 
610 2 0 |a sporenie stavebné 
610 2 0 |a trh finančný 
610 2 0 |a sporenie obyvateľstva 
610 2 0 |a stratégia investičná 
610 2 0 |a financovanie 
610 2 0 |a nehnuteľnosti 
610 2 0 |a legislatíva 
100 1 |a Škriniar, Pavel, 1979-